Public Administration : (Record no. 181679)

MARC details
000 -LEADER
fixed length control field 00603nam a22001937a 4500
005 - DATE AND TIME OF LATEST TRANSACTION
control field 20210930141232.0
010 ## - LCCN (DPL NO)
LC control number ENG-129780
020 ## - INTERNATIONAL STANDARD BOOK NUMBER
Terms of availability 505.00
International Standard Book Number 978-81-7930-702-1
035 ## - SYSTEM CONTROL NUMBER
System control number EN-113312
037 ## - SOURCE OF ACQUISITION
Source of stock number/acquisition DBAD/PUB
082 ## - DEWEY DECIMAL CLASSIFICATION NUMBER
Classification number 350
100 ## - MAIN ENTRY--PERSONAL NAME
Personal name Pradhan, Arabinda
245 ## - TITLE STATEMENT
Title Public Administration :
Remainder of title Spectrums Rapid revision Studypack/
Statement of responsibility, etc Arabinda Pradhan
250 ## - EDITION STATEMENT
Edition statement 2019
260 ## - PUBLICATION, DISTRIBUTION, ETC. (IMPRINT)
Place of publication, distribution, etc New Delhi
Name of publisher, distributor, etc Spectrum Books (P) Ltd.
Date of publication, distribution, etc 2019
270 ## - ADDRESS
Address A1 291, First Floor, Janakpuri
City New Delhi
Postal code 110058
Telephone number 011-25507922
300 ## - PHYSICAL DESCRIPTION
Extent 560 p.
Dimensions 23cm (hbk)
942 ## - ADDED ENTRY ELEMENTS (KOHA)
Source of classification or shelving scheme Dewey Decimal Classification
Item type English Books
Classification part 350
Call number suffix PRA
Holdings
Withdrawn status Lost status Not for loan Collection code Home library Current library Date acquired Source of acquisition Cost, normal purchase price Full call number Barcode Copy number Cost, replacement price Koha item type
      Non-fiction Shahdara Branch Shahdara Branch 30/09/2021 DBAD/PUB 505.00 350 PRA EN-113312 1 505.00 English Books

© Delhi Public Library
Hit Counter
free hit counter